000 00709nam a22002057a 4500
003 JO-AjAnu
005 20240325113504.0
008 240325b jo ||||| |||| 00| 0 ara d
020 _a2-121-66-9957-978
040 _aJO-AjAnu
_cJO-AjAnu
041 0 _aara
050 _aHD30.28
_bG42 2019
100 1 _aغنيم ، عثمان محمد
_965131
_e مؤلف
245 2 0 _aالمدن الذكية : النهج والتخطيط والادارة /
_c تاليف عثمان محمد غنيم
250 _aالطبعة الاولى
260 _aعمان :
_bدار الحامد للنشر والتوزيع،
_c2019
300 _a403صفحة
650 7 0 _aتخطيط المدن
_965132
942 _2lcc
_cBK
_n0
999 _c33350
_d33350